000
00382nam a2200133Ia 4500
008
100328s9999 xx 000 0 und d
082
_b
73077
100
_a
थोरे अशोक.
245
_a
जंगली जिराफ.
260
_b
अभिनंदन.
630
_a
जंगली जिराफ.
730
_a
जंगली जिराफ.
942
_c
BOOK
999
_c
558798
_d
558795